Mauricio Pochettino's Chelsea - Statistics

General Stats
  • This quiz has been taken 21 times
  • The average score is 28 of 36
Answer Stats
Rank Player Position Nationality Matches Goals Assists % Correct
3 Cole Palmer Attacking Midfield 45 25 16
100%
8 Enzo Fernández Central Midfield 40 7 4
100%
10 Malo Gusto Right-Back 37 0 9
100%
2 Moisés Caicedo Defensive Midfield 48 1 4
100%
7 Mykhaylo Mudryk Left Winger 41 7 4
100%
5 Nicolas Jackson Centre-Forward 44 17 6
100%
6 Raheem Sterling Right Winger 43 10 11
100%
25 Reece James Right-Back 11 0 2
100%
9 Thiago Silva Centre-Back 38 4 1
100%
18 Armando Broja Centre-Forward 19 2 1
94%
4 Axel Disasi Centre-Back 44 3 0
94%
15 Benoît Badiashile Centre-Back 22 1 1
94%
1 Conor Gallagher Central Midfield 50 7 9
94%
13 Djordje Petrovic Goalkeeper 31 0 0
94%
14 Marc Cucurella Left-Back 26 1 3
94%
11 Noni Madueke Right Winger 34 8 5
94%
16 Robert Sánchez Goalkeeper 21 0 0
94%
17 Ben Chilwell Left-Back 21 0 1
89%
23 Christopher Nkunku Attacking Midfield 14 3 0
89%
12 Levi Colwill Centre-Back 32 1 1
89%
19 Trevoh Chalobah Centre-Back 17 1 0
89%
22 Ian Maatsen Left-Back 15 0 0
83%
36 Roméo Lavia Defensive Midfield 1 0 0
83%
20 Alfie Gilchrist Right-Back 17 1 0
78%
26 Cesare Casadei Central Midfield 11 0 0
78%
28 Deivid Washington Centre-Forward 3 0 0
67%
33 Josh Acheampong Right-Back 1 0 0
67%
21 Lesley Ugochukwu Defensive Midfield 15 0 0
56%
30 Jimi Tauriainen Central Midfield 2 0 0
50%
24 Carney Chukwuemeka Central Midfield 12 2 1
44%
29 Alex Matos Central Midfield 2 0 0
28%
31 Diego Moreira Left Midfield 1 0 0
28%
27 Mason Burstow Centre-Forward 3 0 0
28%
34 Leo Castledine Attacking Midfield 1 0 0
22%
32 Bashir Humphreys Left-Back 1 0 0
17%
35 Michael Golding Central Midfield 1 0 0
17%
No matching quizzes found
Score Distribution
Percent of People with Each Score
Percentile by Number Answered
Your Score History
You have not taken this quiz